000 00301 a2200157 4500
001 58264
020 _a
040 _cAnchieta - Pituba
100 _aGoodwin, Jack
240 1 0 _aBahia
_lpor
245 1 0 _aBahia
300 _a94
362 0 _a1994
650 4 _aLiteratura brasileira
942 _cBK
999 _c58264
_d58264